[Event "Guelph op"]
[Site "Guelph CAN"]
[Date "2005.07.28"]
[Round "1"]
[White "Henry, Liam"]
[Black "Kaufman, Raymond"]
[Result "1-0"]
[WhiteElo "2115"]
[BlackElo "2271"]
[PlyCount "67"]
[GameId "2160767910900863"]
[EventDate "2005.07.28"]
[EventType "swiss"]
[EventRounds "9"]
[EventCountry "CAN"]
[SourceTitle "CBM 107 Extra"]
[Source "ChessBase"]
[SourceDate "2005.09.01"]
[SourceVersion "1"]
[SourceVersionDate "2005.09.01"]
[SourceQuality "1"]

1. e4 c5 2. Nf3 e6 3. d4 cxd4 4. Nxd4 a6 5. Bd3 Qc7 6. O-O Nf6 7. Qe2 d6 8. c4 Be7 9. Nc3 b6 10. Bd2 Bb7 11. Kh1 Nbd7 12. f4 O-O 13. Rae1 Rfd8 14. f5 Nf8 15. Qf3 Kh8 16. Qh3 d5 17. cxd5 exd5 18. e5 Ne4 19. f6 gxf6 20. exf6 Bxf6 21. Rxf6 Nxf6 22. Bg5 Ng8 23. Qf5 Re8 24. Bf6+ Nxf6 25. Qxf6+ Kg8 26. Rf1 Qe7 27. Qxb6 Rab8 28. Nf5 Qe5 29. Nh6+ Kg7 30. Rxf7+ Kh8 31. Rxh7+ Nxh7 32. Nf7+ Kg7 33. Qg6+ Kf8 34. Nxe5 1-0

[Event "Guelph op"]
[Site "Guelph CAN"]
[Date "2005.07.28"]
[Round "2"]
[White "Kaufman, Raymond"]
[Black "Peng, David Yu"]
[Result "1-0"]
[WhiteElo "2271"]
[BlackElo "2136"]
[PlyCount "83"]
[GameId "2160767910900880"]
[EventDate "2005.07.28"]
[EventType "swiss"]
[EventRounds "9"]
[EventCountry "CAN"]
[SourceTitle "CBM 107 Extra"]
[Source "ChessBase"]
[SourceDate "2005.09.01"]
[SourceVersion "1"]
[SourceVersionDate "2005.09.01"]
[SourceQuality "1"]

1. e4 c5 2. Nf3 e6 3. d4 cxd4 4. Nxd4 Nc6 5. Nc3 Qc7 6. Be3 a6 7. Bd3 Nf6 8. O-O Ne5 9. h3 Bc5 10. Qe2 d6 11. f4 Nxd3 12. cxd3 b5 13. Rac1 Qa7 14. Nc2 Bxe3+ 15. Qxe3 Qxe3+ 16. Nxe3 Bb7 17. a4 b4 18. Ne2 O-O 19. Rc7 Rab8 20. a5 Rfd8 21. Nd4 Nd7 22. f5 e5 23. Nc6 Bxc6 24. Rxc6 Nc5 25. Nc4 Nxd3 26. Rxa6 d5 27. exd5 Rxd5 28. Rd1 e4 29. Rb6 Ra8 30. a6 Kf8 31. Ra1 Rd7 32. Rb7 Nc5 33. Rxd7 Nxd7 34. a7 Ke7 35. Kf2 Kd8 36. Ke3 Kc7 37. Kxe4 Nc5+ 38. Kd5 Nd3 39. Kd4 Nf4 40. Kc5 Nd3+ 41. Kb5 Kb7 42. Rd1 1-0

[Event "Guelph op"]
[Site "Guelph CAN"]
[Date "2005.07.29"]
[Round "4"]
[White "Kaufman, Raymond"]
[Black "Matveeva, Svetlana"]
[Result "1/2-1/2"]
[WhiteElo "2271"]
[BlackElo "2419"]
[PlyCount "57"]
[GameId "2160767910900914"]
[EventDate "2005.07.28"]
[EventType "swiss"]
[EventRounds "9"]
[EventCountry "CAN"]
[SourceTitle "CBM 107 Extra"]
[Source "ChessBase"]
[SourceDate "2005.09.01"]
[SourceVersion "1"]
[SourceVersionDate "2005.09.01"]
[SourceQuality "1"]

1. e4 e6 2. d4 d5 3. Nc3 Bb4 4. e5 c5 5. a3 Bxc3+ 6. bxc3 Ne7 7. Bd3 b6 8. Qg4 Kf8 9. Nf3 Ba6 10. dxc5 Bxd3 11. cxd3 bxc5 12. O-O h6 13. a4 Nd7 14. Ba3 Kg8 15. d4 c4 16. Bxe7 Qxe7 17. Rab1 Kh7 18. Nh4 Rab8 19. f4 Rxb1 20. Rxb1 Rb8 21. Rf1 g6 22. f5 exf5 23. Nxf5 gxf5 24. Qxf5+ Kg7 25. Qg4+ Kh8 26. Qh5 Kg8 27. Qg4+ Kh8 28. Qh5 Kg7 29. Qg4+ 1/2-1/2

[Event "Guelph op"]
[Site "Guelph CAN"]
[Date "2005.07.31"]
[Round "7"]
[White "Buscar, Michael"]
[Black "Kaufman, Raymond"]
[Result "1/2-1/2"]
[WhiteElo "2101"]
[BlackElo "2271"]
[PlyCount "144"]
[GameId "2160767910900955"]
[EventDate "2005.07.28"]
[EventType "swiss"]
[EventRounds "9"]
[EventCountry "CAN"]
[SourceTitle "CBM 107 Extra"]
[Source "ChessBase"]
[SourceDate "2005.09.01"]
[SourceVersion "1"]
[SourceVersionDate "2005.09.01"]
[SourceQuality "1"]

1. d4 Nf6 2. c4 c6 3. Nc3 d5 4. cxd5 cxd5 5. Nf3 Nc6 6. Bf4 a6 7. e3 Bg4 8. Be2 Bxf3 9. Bxf3 e6 10. O-O h6 11. Rc1 Bd6 12. Ne2 g5 13. Bxd6 Qxd6 14. Ng3 O-O 15. a3 Rfc8 16. Qd2 Rc7 17. Be2 Rac8 18. Bd3 Kg7 19. Bb1 Na5 20. Rxc7 Qxc7 21. Qe2 Qc4 22. Bd3 Qb3 23. e4 dxe4 24. Nxe4 Qd5 25. Nxf6 Kxf6 26. Be4 Qxd4 27. Bxb7 Nxb7 28. Qf3+ Kg7 29. Qxb7 Rc2 30. Qxa6 Rxb2 31. Qa5 Ra2 32. h3 Qb2 33. Qa8 Qxa3 34. Qe4 Qc5 35. h4 Rd2 36. hxg5 hxg5 37. Qf3 Qd4 38. Re1 g4 39. Qe3 Qxe3 40. Rxe3 Kf6 41. g3 Kf5 42. Kg2 e5 43. Ra3 Kg5 44. Ra7 f5 45. Re7 e4 46. Re8 Kf6 47. Kf1 Rd6 48. Ke2 Re6 49. Rf8+ Ke5 50. Ra8 Rb6 51. Ra5+ Ke6 52. Ra8 Rb2+ 53. Ke3 Rb3+ 54. Ke2 Rf3 55. Re8+ Kd5 56. Rd8+ Ke5 57. Re8+ Kf6 58. Ke1 e3 59. fxe3 Rxg3 60. Kf2 Rf3+ 61. Kg2 Kg6 62. Re6+ Kf7 63. Re5 Kf6 64. Re8 Rh3 65. Rf8+ Ke5 66. Re8+ Kd5 67. Rd8+ Ke4 68. Re8+ Kd3 69. Re5 Rf3 70. Kg1 g3 71. Kg2 Ke2 72. Ra5 Rxe3 1/2-1/2

[Event "Guelph op"]
[Site "Guelph CAN"]
[Date "2005.08.01"]
[Round "9"]
[White "Divljan, Igor"]
[Black "Kaufman, Raymond"]
[Result "1-0"]
[WhiteElo "2313"]
[BlackElo "2271"]
[PlyCount "79"]
[GameId "2160767910900983"]
[EventDate "2005.07.28"]
[EventType "swiss"]
[EventRounds "9"]
[EventCountry "CAN"]
[SourceTitle "CBM 107 Extra"]
[Source "ChessBase"]
[SourceDate "2005.09.01"]
[SourceVersion "1"]
[SourceVersionDate "2005.09.01"]
[SourceQuality "1"]

1. d4 Nf6 2. c4 g6 3. Nc3 Bg7 4. e4 O-O 5. Be2 d6 6. Bg5 Na6 7. f4 c5 8. d5 Qa5 9. Qd2 e6 10. Nf3 exd5 11. exd5 Re8 12. O-O Ng4 13. Rfe1 Bd7 14. Bf1 Nc7 15. h3 Nh6 16. Ne4 Qxd2 17. Nfxd2 Nf5 18. g4 Bd4+ 19. Kh2 Ne3 20. Bf6 Nc2 21. Bxd4 Nxe1 22. Nf6+ Kf8 23. Nxh7+ Kg8 24. Nf6+ Kf8 25. Nxd7+ Ke7 26. Rxe1+ Kxd7 27. Rxe8 Rxe8 28. Bf2 b5 29. cxb5 Nxd5 30. b6 Kc6 31. Bg2 axb6 32. Nb1 Re2 33. Bxd5+ Kd7 34. Kg2 Rxb2 35. Nc3 b5 36. Bxf7 b4 37. Nd1 Rd2 38. Ne3 Kc6 39. h4 d5 40. Bxd5+ 1-0

[Event "Guelph ProAm int"]
[Site "Guelph CAN"]
[Date "2002.08.11"]
[Round "9"]
[White "Kaufman, Raymond"]
[Black "Obrovac, Zvonko"]
[Result "1-0"]
[WhiteElo "2162"]
[BlackElo "2014"]
[PlyCount "47"]
[GameId "2160767911412195"]
[EventDate "2002.08.07"]
[EventType "swiss"]
[EventRounds "9"]
[EventCountry "CAN"]

1. e4 c5 2. Nc3 Nc6 3. g3 d6 4. Bg2 e6 5. Nge2 Nge7 6. O-O Ng6 7. d3 Be7 8. Be3 O-O 9. f4 Rb8 10. a4 Bd7 11. Qd2 Qc7 12. Kh1 a6 13. f5 Nge5 14. Bh3 Nb4 15. Nf4 Qc8 16. f6 Bxf6 17. Nh5 Be7 18. Bh6 d5 19. Bxg7 Ng6 20. Nf6+ Kxg7 21. Nh5+ Kh8 22. Qh6 Rg8 23. Rxf7 Nf8 24. Nf6 1-0

[Event "Guelph op"]
[Site "Guelph CAN"]
[Date "2002.08.08"]
[Round "2"]
[White "Milicevic, Goran"]
[Black "Kaufman, Raymond"]
[Result "0-1"]
[WhiteElo "2360"]
[BlackElo "2202"]
[PlyCount "118"]
[GameId "2160767911412230"]
[EventDate "2002.08.07"]
[EventType "swiss"]
[EventRounds "9"]
[EventCountry "CAN"]
[SourceTitle "CBM 089 Extra"]
[Source "ChessBase"]
[SourceDate "2002.09.10"]
[SourceVersion "2"]
[SourceVersionDate "2002.09.10"]
[SourceQuality "1"]

1. d4 Nf6 2. Nf3 e6 3. Bf4 c5 4. e3 b6 5. Nbd2 Be7 6. h3 O-O 7. Bd3 Ba6 8. c4 d5 9. O-O Nc6 10. Ne5 Nxe5 11. dxe5 Ne4 12. Bxe4 dxe4 13. Qc2 Qd3 14. Rac1 Bb7 15. Qxd3 exd3 16. Rfd1 Rfd8 17. Rc3 Rd7 18. f3 f5 19. Kf2 Kf7 20. Nb3 Rad8 21. Rd2 a5 22. Nc1 Ba6 23. a4 g5 24. Bh2 h5 25. b3 Bb7 26. Rcxd3 Rxd3 27. Nxd3 g4 28. hxg4 hxg4 29. Ke2 gxf3+ 30. gxf3 Bh4 31. Rd1 Bc6 32. Rf1 Rg8 33. Nf4 Bg3 34. Bxg3 Rxg3 35. Nd3 Rg2+ 36. Rf2 Rg1 37. Ne1 Rh1 38. e4 fxe4 39. fxe4+ Ke7 40. Rf4 Rh2+ 41. Ke3 Rb2 42. Rh4 Rxb3+ 43. Kf4 Bxa4 44. Rh7+ Kd8 45. Nf3 Bd7 46. Ng5 a4 47. Nf7+ Kc7 48. Nd6 a3 49. Rh2 b5 50. cxb5 Bxb5 51. Rh7+ Kb6 52. Rb7+ Ka5 53. Ra7+ Ba6 54. Nc4+ Kb5 55. Nd6+ Kb6 56. Ra8 c4 57. Kg5 a2 58. Nxc4+ Bxc4 59. Rxa2 Rg3+ 0-1

[Event "Guelph op"]
[Site "Guelph CAN"]
[Date "2002.08.09"]
[Round "4"]
[White "Schmidt, Tom"]
[Black "Kaufman, Raymond"]
[Result "1-0"]
[WhiteElo "2091"]
[BlackElo "2202"]
[PlyCount "51"]
[GameId "2160767911412280"]
[EventDate "2002.08.07"]
[EventType "swiss"]
[EventRounds "9"]
[EventCountry "CAN"]
[SourceTitle "CBM 089 Extra"]
[Source "ChessBase"]
[SourceDate "2002.09.10"]
[SourceVersion "2"]
[SourceVersionDate "2002.09.10"]
[SourceQuality "1"]

1. e4 c5 2. Nf3 e6 3. d4 cxd4 4. Nxd4 Nc6 5. Nb5 d6 6. c4 a6 7. N5c3 Nf6 8. Be2 Be7 9. O-O O-O 10. Be3 b6 11. Na3 Bb7 12. Rc1 Nd7 13. Qd2 Nc5 14. Rfd1 Nb4 15. f3 Re8 16. Bf4 d5 17. cxd5 exd5 18. exd5 Bf6 19. d6 Ne6 20. Be3 Bxc3 21. Rxc3 Nd5 22. Rd3 Nxe3 23. Rxe3 Qg5 24. d7 Red8 25. Rxe6 Qxd2 26. Re8+ 1-0

[Event "Guelph op"]
[Site "Guelph CAN"]
[Date "2002.08.09"]
[Round "5"]
[White "Day, Lawrence"]
[Black "Kaufman, Raymond"]
[Result "0-1"]
[WhiteElo "2321"]
[BlackElo "2202"]
[PlyCount "55"]
[GameId "2160767911412285"]
[EventDate "2002.08.07"]
[EventType "swiss"]
[EventRounds "9"]
[EventCountry "CAN"]
[SourceTitle "CBM 089 Extra"]
[Source "ChessBase"]
[SourceDate "2002.09.10"]
[SourceVersion "2"]
[SourceVersionDate "2002.09.10"]
[SourceQuality "1"]

1. Nf3 Nf6 2. d4 g6 3. Bg5 Bg7 4. Nbd2 O-O 5. c3 d6 6. e3 Nbd7 7. Be2 h6 8. Bh4 e5 9. h3 Qe8 10. O-O Nh7 11. dxe5 dxe5 12. e4 Nc5 13. Re1 a5 14. a4 Bd7 15. b3 Bc6 16. Bf1 Nf6 17. Bxf6 Bxf6 18. Qc2 Bg7 19. Nc4 f5 20. Nfxe5 Bxe5 21. exf5 Be4 22. Rxe4 Nxe4 23. Re1 gxf5 24. f3 Bg3 25. Re2 Qc6 26. fxe4 Qc5+ 27. Kh1 fxe4 28. Ne3 0-1

[Event "Guelph op"]
[Site "Guelph CAN"]
[Date "2002.08.10"]
[Round "6"]
[White "Kaufman, Raymond"]
[Black "Jung, Hans"]
[Result "1-0"]
[WhiteElo "2202"]
[BlackElo "2229"]
[PlyCount "77"]
[GameId "2160767911420505"]
[EventDate "2002.08.07"]
[EventType "swiss"]
[EventRounds "9"]
[EventCountry "CAN"]
[SourceTitle "CBM 089 Extra"]
[Source "ChessBase"]
[SourceDate "2002.09.10"]
[SourceVersion "2"]
[SourceVersionDate "2002.09.10"]
[SourceQuality "1"]

1. d4 Nf6 2. c4 c6 3. Nf3 d5 4. Qc2 a6 5. c5 Nbd7 6. Bf4 Nh5 7. e3 Nxf4 8. exf4 g6 9. Bd3 Bg7 10. Nbd2 Nf6 11. Ne5 Nh5 12. g3 Bh3 13. O-O-O Qc8 14. Rhe1 Bg4 15. Nxg4 Qxg4 16. Be2 Qd7 17. Bxh5 gxh5 18. Nb3 h4 19. Re3 Bf6 20. Qe2 h5 21. Na5 Qc7 22. Qd2 hxg3 23. fxg3 h4 24. g4 Rg8 25. g5 Bxd4 26. Qxd4 Qxa5 27. Rde1 O-O-O 28. Rxe7 Kb8 29. R1e3 Qxa2 30. Ra3 Qc4+ 31. Qxc4 dxc4 32. Rxf7 Rge8 33. g6 Re1+ 34. Kc2 Re2+ 35. Kc3 Rxh2 36. g7 Ka7 37. Rf8 Rhd2 38. Rxd8 Rxd8 39. f5 1-0

[Event "Guelph op"]
[Site "Guelph CAN"]
[Date "2002.08.10"]
[Round "7"]
[White "Kaufman, Raymond"]
[Black "Krnan, Tomas"]
[Result "0-1"]
[WhiteElo "2202"]
[BlackElo "2175"]
[PlyCount "72"]
[GameId "2160767911420524"]
[EventDate "2002.08.07"]
[EventType "swiss"]
[EventRounds "9"]
[EventCountry "CAN"]
[SourceTitle "CBM 089 Extra"]
[Source "ChessBase"]
[SourceDate "2002.09.10"]
[SourceVersion "2"]
[SourceVersionDate "2002.09.10"]
[SourceQuality "1"]

1. d4 Nf6 2. c4 d6 3. Nc3 g6 4. e4 Bg7 5. Nf3 O-O 6. Be2 e5 7. Be3 Ng4 8. Bg5 f6 9. Bc1 a5 10. O-O Na6 11. b3 Nh6 12. Bb2 Nf7 13. a3 Bg4 14. Nd5 c6 15. Ne3 Bxf3 16. Bxf3 Ng5 17. Re1 f5 18. dxe5 dxe5 19. exf5 gxf5 20. h4 Nxf3+ 21. Qxf3 Qxh4 22. Rad1 e4 23. Qe2 Bxb2 24. Qxb2 Nc5 25. Qe5 Nd3 26. Rxd3 exd3 27. Nxf5 Qf6 28. Qxf6 Rxf6 29. Ne3 d2 30. Rd1 Rd6 31. Kf1 Rd3 32. Rb1 a4 33. bxa4 Rxa3 34. Ke2 Rd8 35. c5 Rxa4 36. Rxb7 Ra1 0-1

[Event "Guelph op"]
[Site "Guelph CAN"]
[Date "2002.08.11"]
[Round "8"]
[White "Zubac, Marius"]
[Black "Kaufman, Raymond"]
[Result "1-0"]
[WhiteElo "2207"]
[BlackElo "2202"]
[PlyCount "86"]
[GameId "2160767911420552"]
[EventDate "2002.08.07"]
[EventType "swiss"]
[EventRounds "9"]
[EventCountry "CAN"]
[SourceTitle "CBM 089 Extra"]
[Source "ChessBase"]
[SourceDate "2002.09.10"]
[SourceVersion "2"]
[SourceVersionDate "2002.09.10"]
[SourceQuality "1"]

1. d4 Nf6 2. c4 c5 3. d5 b5 4. cxb5 a6 5. b6 Qxb6 6. Nc3 g6 7. e4 d6 8. a4 a5 9. Bb5+ Bd7 10. Bg5 Bg7 11. Nf3 Bxb5 12. axb5 h6 13. Bh4 Nbd7 14. O-O O-O 15. Nd2 g5 16. Bg3 Rfb8 17. Nc4 Qc7 18. Qe2 Nh7 19. f4 a4 20. e5 gxf4 21. exd6 exd6 22. Bxf4 Re8 23. Bxd6 Rxe2 24. Bxc7 Rc2 25. Rfc1 Bd4+ 26. Kh1 Rxc1+ 27. Rxc1 Nhf6 28. d6 Ng4 29. h3 Nf2+ 30. Kh2 Nd3 31. Ra1 N7e5 32. Nb6 Re8 33. d7 Nxd7 34. Nxd7 Re7 35. b6 Rxd7 36. b7 Be5+ 37. Bxe5 Rxb7 38. Bf6 Nxb2 39. Nxa4 Nxa4 40. Rxa4 Kh7 41. Rc4 Kg6 42. Be5 Kf5 43. Rxc5 Kg6 1-0

[Event "New Year op"]
[Site "Richmond CAN"]
[Date "2025.01.02"]
[Round "1.5"]
[White "Chua, Zachary"]
[Black "Kaufman, Raymond"]
[Result "0-1"]
[WhiteElo "1777"]
[BlackElo "2178"]
[PlyCount "54"]
[GameId "2140093881563649"]
[EventDate "2025.01.02"]
[EventType "swiss"]
[EventRounds "9"]
[EventCountry "CAN"]

1. e4 c5 2. Nf3 Nc6 3. c3 Nf6 4. Bd3 d5 5. exd5 Nxd5 6. Bc2 g6 7. O-O Bg7 8. Na3 O-O 9. Nc4 h6 10. d4 cxd4 11. cxd4 Bg4 12. Nce5 Nxe5 13. dxe5 Qa5 14. Bd2 Qb6 15. Bxh6 Rfd8 16. Qc1 Bxf3 17. Bxg7 Kxg7 18. gxf3 Rac8 19. a3 Qe6 20. Re1 Rh8 21. Qd2 Rxh2 22. Be4 Qh3 23. f4 Qg4+ 24. Kf1 Nxf4 25. Re3 Rch8 26. Qc3 Rh1+ 27. Bxh1 Rxh1# 0-1

[Event "New Year op"]
[Site "Richmond CAN"]
[Date "2025.01.02"]
[Round "2.5"]
[White "Kaufman, Raymond"]
[Black "Xu, Joey"]
[Result "1-0"]
[WhiteElo "2178"]
[BlackElo "1741"]
[PlyCount "49"]
[GameId "2140093881563656"]
[EventDate "2025.01.02"]
[EventType "swiss"]
[EventRounds "9"]
[EventCountry "CAN"]

1. d4 Nf6 2. Bg5 e6 3. Nd2 Be7 4. e4 c5 5. e5 Nd5 6. Bxe7 Nxe7 7. dxc5 Qa5 8. Ngf3 O-O 9. Bd3 f6 10. O-O Na6 11. Nb3 Qc7 12. Bxa6 bxa6 13. Qd6 Qd8 14. Rad1 Nf5 15. Qd3 Qe8 16. Rfe1 Qg6 17. Na5 h5 18. Qe4 Rb8 19. b4 Kh7 20. h3 Rd8 21. c6 d5 22. exd6 Rb5 23. d7 Bxd7 24. cxd7 Rb6 25. Nc6 1-0

[Event "New Year op"]
[Site "Richmond CAN"]
[Date "2025.01.02"]
[Round "3.5"]
[White "Gao, Justin"]
[Black "Kaufman, Raymond"]
[Result "0-1"]
[WhiteElo "1958"]
[BlackElo "2178"]
[PlyCount "60"]
[GameId "2140093881563662"]
[EventDate "2025.01.02"]
[EventType "swiss"]
[EventRounds "9"]
[EventCountry "CAN"]

1. e4 c5 2. Nf3 Nc6 3. d4 cxd4 4. Nxd4 Nf6 5. Nc3 d6 6. Bg5 e6 7. Bb5 Bd7 8. Bxc6 bxc6 9. Qd3 Be7 10. O-O h6 11. Be3 e5 12. Nb3 O-O 13. Rad1 Be6 14. f4 Ng4 15. Nd2 Nxe3 16. Qxe3 exf4 17. Qxf4 Qb6+ 18. Kh1 Qxb2 19. Ne2 Qe5 20. Nb3 Bg5 21. Qf3 Bc4 22. Rfe1 f5 23. exf5 Rxf5 24. Qxc6 Bd5 25. Qa4 Bxg2+ 26. Kxg2 Rf2+ 27. Kxf2 Qxh2+ 28. Kf3 Rf8+ 29. Ke4 Qh4+ 30. Kd5 Qxa4 0-1

[Event "New Year op"]
[Site "Richmond CAN"]
[Date "2025.01.03"]
[Round "5.1"]
[White "Nunez Asencio, Jorge"]
[Black "Kaufman, Raymond"]
[Result "1-0"]
[WhiteElo "2284"]
[BlackElo "2178"]
[PlyCount "81"]
[GameId "2140093881563670"]
[EventDate "2025.01.02"]
[EventType "swiss"]
[EventRounds "9"]
[EventCountry "CAN"]

1. d4 d5 2. c4 dxc4 3. Nf3 Nf6 4. e3 e6 5. Bxc4 c5 6. O-O a6 7. Qe2 cxd4 8. Rd1 Nc6 9. exd4 Be7 10. Nc3 Nb4 11. Ne5 O-O 12. a3 Nbd5 13. Rd3 b5 14. Bb3 Bb7 15. Rg3 Re8 16. Bh6 g6 17. Ne4 Nxe4 18. Qxe4 f5 19. Nxg6 fxe4 20. Ne5+ Bg5 21. Bxg5 Kf8 22. Bh6+ Ke7 23. Rg7+ Kd6 24. Nf7+ Kc6 25. Nxd8+ Raxd8 26. Rxh7 Kb6 27. Bg5 Rc8 28. h4 a5 29. Rh6 a4 30. Bd1 Rc6 31. Bh5 Rf8 32. Re1 Rc2 33. Rxe6+ Ka7 34. Re2 Rxe2 35. Bxe2 b4 36. axb4 Rc8 37. Bd1 Nxb4 38. Bxa4 Nd3 39. Be3 Nxb2 40. d5+ Kb8 41. Bc6 1-0

[Event "New Year op"]
[Site "Richmond CAN"]
[Date "2025.01.03"]
[Round "6.3"]
[White "Kaufman, Raymond"]
[Black "Taylor, Tristan"]
[Result "0-1"]
[WhiteElo "2178"]
[BlackElo "2060"]
[PlyCount "60"]
[GameId "2140093881563677"]
[EventDate "2025.01.02"]
[EventType "swiss"]
[EventRounds "9"]
[EventCountry "CAN"]

1. d4 Nf6 2. c4 c5 3. d5 b5 4. cxb5 a6 5. bxa6 g6 6. Nc3 Bg7 7. e4 O-O 8. Nf3 Qa5 9. Bd3 Nxd5 10. exd5 Bxc3+ 11. bxc3 Qxc3+ 12. Qd2 Qxa1 13. O-O Qg7 14. Bb2 f6 15. d6 e6 16. h4 Bxa6 17. h5 gxh5 18. Re1 Bxd3 19. Qxd3 Ra4 20. Nh2 Kh8 21. Re3 Qg6 22. Qd1 Rxa2 23. Rg3 Qf7 24. Qb1 Rxb2 25. Qxb2 Nc6 26. Nf3 e5 27. Nh4 Nd4 28. Qd2 Rg8 29. Ra3 Qc4 30. Kh2 Nb3 0-1